| 000 | 00875nam a2200241 a 4500 | ||
|---|---|---|---|
| 001 | BRCA_113 | ||
| 005 | 20190320202902.0 | ||
| 008 | 920113s1991 mx-#---##b---#000-0#spa-# | ||
| 020 | _a9688590517 | ||
| 041 | _aspa | ||
| 044 | _amx | ||
| 050 | 4 |
_aF1230 _b.M46 1991 |
|
| 100 | 1 |
_aMendiola Mejía, Alfonso _9437 |
|
| 245 | 1 | 0 |
_aBernal Díaz del Castillo _bverdad romanesca y verdad historiográfica _cAlfonso Mendiola Mejía. |
| 260 |
_aMéxico _bV Centenario 1492-1992, Comisión Puebla Gobierno del Estado _c1991 |
||
| 300 |
_a146 p. _c21 cm. |
||
| 600 | 1 | 4 |
_aDíaz del Castillo, Bernal _d1496-1584 _tHistoria verdadera de la conquista de la Nueva España _9438 |
| 600 | 1 | 4 |
_aCortés, Hernán _d1485-1547 _9439 |
| 650 | 1 | 4 |
_aMéxico _xHistoriografía _9440 |
| 650 | 1 | 4 |
_aEdad Media _xHistoriografía _9441 |
| 651 | 4 |
_aMéxico _xHistoria _yConquista, 1519-1540 _9442 |
|
| 942 |
_2lcc _cB |
||
| 999 |
_c98 _d98 |
||